01562nam a2200217 450000500170000000800410001702000180005804100120007608200160008810000260010424500480013026000300017830000080020836500190021652008870023565000130112270000250113594200070116099900190116795201580118620260216113447.0260204b |||||||| |||| 00| 0 eng d a9780764363191 aEnglish bLAWa746.43 aLawson Rachel9216588 aPunch Needle: Fifteen Contemporary Projects bSchiffer Publishingc2022 a128 b1635.63cRs.00 aINTRODUCTION How to Use This Book TOOLS AND MATERIALS • Punch Needle Tools • Fabric • Yarn • Frames • Essential Extras PREPARATION • How to Stretch the Fabric • How to Thread the Needle • How to Transfer the Design • Punch Needle Techniques • Problem-Solving FINISHING TECHNIQUES • Hemming Whipstitch • Ladder Stitch • Backstitch • Tacking or Basting Stitch • Iron Press • Sewing Machine PROJECTS • Large Wall Hanging • Hexagon Cushion • Trivet • Mini Patches • Mushroom Toy • Mini Wall Hanging • Turtle Toy • Wall Storage Baskets • Tech Case • Hanging Plant Pot • Round Sunset Cushion • Square Abstract Cushion • Small Rug • Cross-Body Bag • Tote Bag TEMPLATES  aKnitting aWatt Siobhan9216589 cBK c370305d370305 00102ddc4070aSOFTbSOFTd2026-02-03eDesign Book Studiog1635.63i284l0o746.43 LAWpSOFT-BK-4931r2026-02-04 12:08:00t33%v2441.25w2025-12-12yBK